Lombardia (Record no. 4568)

MARC details
000 -CABECERA
campo de control de longitud fija 00972nam a2200277 a 4500
001 - NÚMERO DE CONTROL
campo de control BRCA_4874
005 - FECHA Y HORA DE LA ÚLTIMA TRANSACCIÓN
campo de control 20190320204836.0
008 - DATOS DE LONGITUD FIJA--INFORMACIÓN GENERAL
campo de control de longitud fija 141010c1973----it-ao#####---#000-0#eng-#
041 ## - CÓDIGO DE LENGUA
Código de lengua del texto/banda sonora o título independiente eng
044 ## - CÓDIGO DEL PAÍS DE LA ENTIDAD EDITORA/PRODUCTORA
Código MARC del país it
050 #4 - SIGNATURA TOPOGRÁFICA DE LA BIBLIOTECA DEL CONGRESO
Número de clasificación PG7297
Número de documento/Ítem .L66 1973
245 10 - MENCIÓN DE TÍTULO
Título Lombardia
Mención de responsabilidad, etc. by Andrea Caizzi ... [et al.] ; texts translated by Rudolf G. Carpanini, Daphne Hughes and Patricia Kennan.
260 ## - PUBLICACIÓN, DISTRIBUCIÓN, ETC.
Lugar de publicación, distribución, etc. Italia
Nombre del editor, distribuidor, etc. Electa
Fecha de publicación, distribución, etc. 1973
300 ## - DESCRIPCIÓN FÍSICA
Extensión 512 p.
Otras características físicas il. (algunas a color), 567 láminas
Dimensiones 31 cm.
440 #0 - MENCIÓN DE SERIE/PUNTO DE ACCESO ADICIONAL--TÍTULO
Título Banca Nacionale del Laboro
9 (RLIN) 12337
500 ## - NOTA GENERAL
Nota general Colección Sonia Corcuera de Mancera
500 ## - NOTA GENERAL
Nota general Incluye índice de ilustraciones
504 ## - NOTA DE BIBLIOGRAFÍA, ETC.
Nota de bibliografía, etc. Bibliografía: p. 499-502
651 #4 - PUNTO DE ACCESO ADICIONAL DE MATERIA--NOMBRE GEOGRÁFICO
Nombre geográfico Lombardia
Subdivisión de forma Catálogos
Subdivisión general arte e historia
Subdivisión geográfica Italia
9 (RLIN) 12338
700 1# - PUNTO DE ACCESO ADICIONAL--NOMBRE DE PERSONA
Nombre de persona Carpanini, Rudolf G.
Término indicativo de función/relación Traductor
9 (RLIN) 12339
700 1# - PUNTO DE ACCESO ADICIONAL--NOMBRE DE PERSONA
Nombre de persona Hughes, Daphne
Término indicativo de función/relación Traductora
9 (RLIN) 12340
700 1# - PUNTO DE ACCESO ADICIONAL--NOMBRE DE PERSONA
Nombre de persona Kennan, Patricia
Término indicativo de función/relación Traductora
9 (RLIN) 12341
700 1# - PUNTO DE ACCESO ADICIONAL--NOMBRE DE PERSONA
Nombre de persona Caizzi, Andrea
9 (RLIN) 12279
902 ## - CATALOGADOR
Iniciales DSC
942 ## - ELEMENTOS DE PUNTO DE ACCESO ADICIONAL (KOHA)
Fuente del sistema de clasificación o colocación Library of Congress Classification
Tipo de ítem Koha Libros
Holdings
Estado de retiro Estado de pérdida Estado dañado No para préstamo Localización permanente Ubicación/localización actual Fecha de adquisición Total de préstamos Signatura topográfica completa Código de barras Fecha visto por última vez Precio válido a partir de Tipo de ítem Koha
El ejemplar forma parte de la colección y puede ser consultado según las políticas vigentes.       Biblioteca del Museo Franz Mayer (Rogerio Casas-Alatriste) Biblioteca del Museo Franz Mayer (Rogerio Casas-Alatriste) 14/10/2010   PG7297 .L66 1973 REF00394 22/03/2019 22/03/2019 Libros